header

Rare isotopes and fundamental symmetries (Record no. 106230)

MARC details
000 -LEADER
fixed length control field 01625nam a2200349Ia 4500
245 00 - TITLE STATEMENT
Title Rare isotopes and fundamental symmetries
260 ## - PUBLICATION, DISTRIBUTION, ETC. (IMPRINT)
Place of publication New Jersey :
Name of publisher World Scientific,
Year of publication c2009.
300 ## - PHYSICAL DESCRIPTION
Number of Pages xiii, 202 p. :
Other physical details ill.
490 1# - SERIES STATEMENT
Series statement Proceedings from the Institute for Nuclear Theory ;
650 #0 - SUBJECT ADDED ENTRY--TOPICAL TERM
Topical Term Radioactive nuclear beams
Topical Term Symmetry (Physics)
Topical Term Isotopes
700 1# - ADDED ENTRY--PERSONAL NAME
Personal name Brown, B. A.
856 40 - ELECTRONIC LOCATION AND ACCESS
Uniform Resource Identifier http://site.ebrary.com/lib/rucke/Doc?id=10361499

No items available.

© 2026 Rongo University
Contact us: librarian | system librarian | Rongo university